000 00745nam a2200229 i 4500
001 81974
003 ES-MaACL
005 20240531062941.0
007 t|
008 041117s2003 sp |||| | spa d
020 _a84-8483-144-2
080 _a821.134.2-14.09"19"
100 1 _aPalomo, María del Pilar,
_d1933-
_9144616
245 1 0 _aSobre los textos
_b: estudios de poesía española contemporánea /
_cMaría del Pilar Palomo Vázquez.
260 _aMadrid :
_bEdiciones del Laberinto,
_c[2003]
300 _a319 p. ;
_c22 cm.
490 1 _aHermes ;
_v29
650 4 _aPoesía española-
_yS.XX-
_xHistoria y crítica.
_916167
830 0 _aHermes ;
_v29
_9183718
852 _aES-MaACL
_jL-28472
999 _c81974
_d81974